00340nam a2200145Ia 4500008004100000020001500041041001200056082001500068100001300083245004400096260002500140300000800165650000700173700001400180221030s9999 xx 000 0 und d a8120314921 aEnglish a105.23bDe aN. K. De 0aElectric Drivescby N. K. De, P. K. Sen bPHIaNew Delhic1999 a314 aEE aP. K. Sen